00346nam a2200133Ia 450000500170000000800410001702000130005808200130007110000140008424500180009826000460011630000190016250000310018120250311013616.0240331s9999 xx 000 0 und d a06101989 bDANa894 aDaniel, K 0a Kurunavalkal aPoint PedrobVaravollai Publicationc1989 aViii, 252 p ., aK.Daniel's Short - Novels